Doors Songs - Sudden Death - Statistics

General Stats
  • This quiz has been taken 130 times
    5 since last reset
  • The average score is 12 of 13
Answers on the Grid
Answers color-coded by a green-red scale on the quiz's grid according to % correct below.
Riders on the Storm
People Are Strange
Break On Through (to the Other Side)
Touch Me
Hello, I Love You
Peace Frog
Subterranean Homesick Blues
Revolution
Not to Touch the Earth
Alabama Song (Whisky Bar)
Street Fighting Man
Dazed and Confused
Tales of Brave Ulysses
You Can't Do That
California Girls
Take It As It Comes
Heartbreaker
California Dreamin'
Love Me Two Times
Twentieth Century Fox
How Many More Times
Within You Without You
Runnin' Blue
Summer's Almost Gone
 
Answer Stats
Answer % Correct
Alabama Song (Whisky Bar)
100%
Break On Through (to the Other Side)
100%
Hello, I Love You
100%
Love Me Two Times
100%
Not to Touch the Earth
100%
Peace Frog
100%
People Are Strange
100%
Riders on the Storm
100%
Touch Me
100%
Twentieth Century Fox
100%
Summer's Almost Gone
75%
Take It As It Comes
75%
Runnin' Blue
50%
No matching quizzes found
Score Distribution
Percent of People with Each Score
Percentile by Number Answered
Your Score History
You have not taken this quiz since the last reset